00783nam a22002057a 450000500170000001000280001702000260004503500130007103500170008403700170010103700130011808200110013110000350014224501790017726000530035627000590040930000250046850000450049370000390053820150408153227.0 aBAC-EN21 ENG-111761 a9788175348752c395.00 aEN-95293 aB-591827-849 bUBH/Venadpl bDBAD/PUB a340.03 aChoudhary, Dansingh Suganchand aUniversal's English-Hindi legal dictionary /cby Dansingh Suganchand Choudhary [and] Praveen Kumar Dansingh Choudhary ; introduction by R.C. Lahoti; foreworded by Faizanuddin aNew DelhibUniversal Law Publishingc2014(repr.) aA-58, G.T. Karnal Road Industrial Area bDelhie110001 axx,897p. c22cm(pbk) aSupply received revised price Rs. 450.00 aChoudhary, Praveeen Kumar Dansingh